Multinationals in economic development (Record no. 6646)

MARC details
000 -LEADER
fixed length control field 00954 a2200217 4500
005 - DATE AND TIME OF LATEST TRANSACTION
control field 20080905105831.0
008 - FIXED-LENGTH DATA ELEMENTS--GENERAL INFORMATION
fixed length control field 080905t xxu||||| |||| 00| 0 eng d
010 ## - LIBRARY OF CONGRESS CONTROL NUMBER
LC control number ENG-87537
020 ## - INTERNATIONAL STANDARD BOOK NUMBER
Terms of availability 480.00
International Standard Book Number 8176299197
035 ## - SYSTEM CONTROL NUMBER
System control number EN-71070
037 ## - SOURCE OF ACQUISITION
Source of stock number/acquisition D.B.Act / Pub
082 ## - DEWEY DECIMAL CLASSIFICATION NUMBER
Classification number 332.6730954
245 ## - TITLE STATEMENT
Title Multinationals in economic development
Statement of responsibility, etc edited by Deelip Jumar singh
Remainder of title emerging issues and options
260 ## - PUBLICATION, DISTRIBUTION, ETC. (IMPRINT)
Place of publication, distribution, etc New Delhi
Name of publisher, distributor, etc Deep and Deep Publications
Date of publication, distribution, etc 2007
270 ## - ADDRESS
Address F-159, Rajouri Garden
City New Delhi
Postal code 110 027
Telephone number 011-25435369, 011-25440916
Electronic mail address ddpbooks@yahoo.co.in
300 ## - PHYSICAL DESCRIPTION
Extent x, 209 p.
Dimensions 22 cm. (Hb).
500 ## - GENERAL NOTE
General note Includes bibliographical references and index
700 ## - ADDED ENTRY--PERSONAL NAME
Personal name Singh, Deelip Kumar
942 ## - ADDED ENTRY ELEMENTS (KOHA)
Institution code [OBSOLETE] dpl
Koha item type English Books
Call number prefix 332.6730954 / MUL
Source of classification or shelving scheme Dewey Decimal Classification
Classification part 332.6730954
Call number suffix MUL
Holdings
Withdrawn status Lost status Damaged status Not for loan Collection code Home library Current library Date acquired Cost, normal purchase price Total Checkouts Full call number Barcode Date last seen Copy number Uniform Resource Identifier Cost, replacement price Price effective from Koha item type
      Not For Loan Non-fiction D.B.Act.Division D.B.Act.Division 05/09/2008 480.00   332.6730954 MUL EN-71070 15/09/2008 1 7147 480.00 15/09/2008 English Books

© Delhi Public Library
Hit Counter
free hit counter